000 00873nam a22002897a 4500
001 00260
003 DO-SdBNP
005 20240123105102.0
007 00260
008 151118b 1994 sp xxu||||| |||| 00| 0 spa d
020 _a8440644701
040 _aBPMSU
_bspa
_cBPMSU
041 1 7 _aspa
_heng
092 _axxxxx
_bxxxxx
100 1 _aA. L. Singer.
240 1 0 _aBeauty and the beast.
_lEspañol
245 1 0 _aDisney's La bella y la bestia :
_bnovelización con fotos de la película /
_cA. L. Singer ; traducción Montserrat Gurguí.
260 _aBarcelona :
_bEdiciones B,
_c1994.
300 _a111 p. :
_bil. ;
_c22 cm.
490 1 _aHora cero
490 1 _aDisney
_v2
650 4 _aLibros ilustrados infantiles.
700 1 _aGurguí, Montserrat,
_etr.
710 2 _aDisneys
910 _aVMateo V. Control de calidad. BPMSU
942 _2ddc
_cBK
999 _c8783
_d8783